| 000 | 01605nam a2200265zi 4500 | ||
|---|---|---|---|
| 001 | 991025388794707026 | ||
| 003 | UkOxU | ||
| 007 | ta | ||
| 008 | 221129e202303uuxxk g |||||||0|f eng|d | ||
| 020 |
_a9781837860067 (pbk.) : _cĐ9.99 |
||
| 035 | _a(UK-WkNB)9781837860067 | ||
| 035 | _a(StEdALDL)1/4265900 | ||
| 040 |
_aUK-WkNB _beng _cUK-WkNB _erda _dUkOxU |
||
| 100 |
_aRuNyx, _eauthor. _925032 |
||
| 245 | 1 | 0 |
_aGothikana _c/ RuNyx. |
| 264 | 1 |
_bRebellion Publishing Ltd., _c2023. |
|
| 264 | 2 |
_aGB : _bHarperCollins Distribution Services, _c[date of distribution not identified] |
|
| 300 | _c400 pages | ||
| 520 | _aCorvina Clemm is a woman with secrets. The last thing she expects to receive is an admission letter from the University of Verenmore, a place just as secretive. A castle atop a mountain, Verenmore is steeped in shadows, deceit and death, a place where students have been disappearing every five years for over a century. As Corvina becomes caught up in unravelling the clues to solve the mystery, her path collides with Vad Deverell, her enigmatic professor. Vad, too, is a man with secrets. And he cannot allow Corvina to get close enough to discover what he hides. But whenever she is near, his heart and soul yearn to possess her. As Corvina and Vad become more and more entangled, their passion for each other could be the very thing to solve the mystery of Verenmore - or it could bring them both down in flames. | ||
| 650 | 0 |
_aFantasy _911322 |
|
| 650 | 0 |
_aRomantic suspense fiction. _922937 |
|
| 650 | 0 |
_aDark Romance _925033 |
|
| 655 | 0 |
_aRomantasy _925034 |
|
| 942 | _2lcc | ||
| 999 |
_c4586 _d4586 |
||